Drogová situácia v Európe diplomová práca

Gespeichert in:
Bibliographische Detailangaben
1. Verfasser: Hanková, Zuzana
Körperschaft: Fakulta hospodárskej informatiky EU. Katedra štatistiky
Weitere Verfasser: Labudová, Viera, 1958-
Format: Buch
Sprache:Slowakisch
Veröffentlicht: Bratislava 2015
Tags: Tag hinzufügen
Keine Tags, Fügen Sie das erste Tag hinzu!

MARC

LEADER 00000nbm a2200000 4500
001 0201602
005 20161212112502.5
041 0 |a slo 
044 |a SK 
245 1 0 |a Drogová situácia v Európe  |b diplomová práca  |c Zuzana Hanková ; školiteľ: Viera Labudová 
264 1 |a Bratislava  |c 2015 
300 |a 70 s. 
100 1 |a Hanková, Zuzana 
700 1 |a Labudová, Viera, 1958- 
710 2 |a Fakulta hospodárskej informatiky EU. Katedra štatistiky